[Event "African Championship 2013 Open"]
[Site "Hotel Sol Phebus - Tunis"]
[Date "2013.05.18"]
[Round "1.1"]
[White "Van Den Heever, Donovan"]
[Black "Amin, Bassem"]
[Result "0-1"]
[WhiteElo "2280"]
[BlackElo "2635"]
[PlyCount "72"]
[EventDate "2013.05.18"]
[EventRounds "9"]
[EventCountry "TUN"]

1. e4 c5 2. Nf3 d6 3. d4 cxd4 4. Nxd4 Nf6 5. Nc3 a6 6. Bc4 e6 7. Bb3 Nbd7 8.
O-O Nc5 9. f4 Nfxe4 10. Nxe4 Nxe4 11. f5 e5 12. Qh5 Qd7 13. Re1 Nf6 14. Qg5 b5
15. a4 Bb7 16. axb5 axb5 17. Rxa8+ Bxa8 18. c4 Ne4 19. Rxe4 Bxe4 20. Nxb5 Qd8
21. Qe3 Bc6 22. Na7 Qc7 23. Nxc6 Qxc6 24. Kf1 Qa6 25. g4 h6 26. Bd2 Be7 27. Qd3
Qc6 28. h3 O-O 29. Bc2 Qh1+ 30. Ke2 Qg2+ 31. Kd1 Ra8 32. f6 Bxf6 33. Qh7+ Kf8
34. Be4 Qf1+ 35. Kc2 Qxc4+ 36. Bc3 Qe2+ 0-1

[Event "African Championship 2013 Open"]
[Site "Hotel Sol Phebus - Tunis"]
[Date "2013.05.18"]
[Round "1.2"]
[White "Adly, Ahmed"]
[Black "Elarbi, Abobker"]
[Result "1-0"]
[WhiteElo "2594"]
[BlackElo "2272"]
[PlyCount "63"]
[EventDate "2013.05.18"]
[EventRounds "9"]
[EventCountry "TUN"]

1. d4 Nf6 2. c4 g6 3. Nf3 Bg7 4. g3 O-O 5. Bg2 d6 6. O-O Nc6 7. Nc3 e5 8. d5
Ne7 9. e4 Nd7 10. Ne1 f5 11. Nd3 Nf6 12. Bg5 Nxe4 13. Nxe4 fxe4 14. Bxe4 Bh3
15. Re1 Qd7 16. f4 Rae8 17. fxe5 dxe5 18. Nf2 Bf5 19. Bg2 Qd6 20. g4 Bc8 21.
Qd2 Rxf2 22. Qxf2 Bxg4 23. c5 Qd7 24. Qh4 h5 25. Bxe7 Rxe7 26. h3 Bf5 27. Rad1
e4 28. Bxe4 Rxe4 29. Rxe4 g5 30. Qe1 Bxe4 31. Qxe4 Qxh3 32. Qe6+ 1-0

[Event "African Championship 2013 Open"]
[Site "Hotel Sol Phebus - Tunis"]
[Date "2013.05.18"]
[Round "1.3"]
[White "Amdouni, Zoubaier"]
[Black "El Gindy, Essam"]
[Result "0-1"]
[WhiteElo "2249"]
[BlackElo "2482"]
[PlyCount "118"]
[EventDate "2013.05.18"]
[EventRounds "9"]
[EventCountry "TUN"]

1. e4 c5 2. Nf3 Nc6 3. d4 cxd4 4. Nxd4 e5 5. Nb5 d6 6. N1c3 a6 7. Na3 b5 8. Nd5
Nge7 9. c4 Nxd5 10. exd5 Nd4 11. Bd3 Be7 12. Be3 Nf5 13. Bxf5 Bxf5 14. cxb5
axb5 15. Nxb5 Qa5+ 16. Nc3 Qa6 17. Qd2 O-O 18. f3 Bg6 19. Rd1 Rab8 20. Qe2
Qxe2+ 21. Kxe2 Rxb2+ 22. Rd2 Rfb8 23. a4 R2b3 24. Nb5 Ra8 25. Rc1 Bf5 26. Rc7
Kf8 27. Ra7 Rxa7 28. Nxa7 Ke8 29. Nc6 Bf6 30. a5 Bc8 31. Kf2 Ba6 32. Rc2 Rb5
33. Bb6 Bb7 34. Na7 Rxd5 35. Ke1 Bh4+ 36. g3 Bd8 37. Rb2 Bg5 38. h4 Bc1 39. Rc2
Ba3 40. Rc7 Bb4+ 41. Kf2 Rd2+ 42. Kf1 Bxf3 43. Nc6 Bxc6 44. Rxc6 Ra2 45. Rc8+
Ke7 46. Ra8 h5 47. a6 Bc5 48. Bxc5 dxc5 49. a7 Kf6 50. Rc8 Rxa7 51. Rxc5 Ra2
52. Rc6+ Kf5 53. Rc7 Kg6 54. Kg1 Rd2 55. Kf1 Kf6 56. Ra7 g6 57. Rb7 Ke6 58. Ra7
f6 59. Ra3 e4 0-1

[Event "African Championship 2013 Open"]
[Site "Hotel Sol Phebus - Tunis"]
[Date "2013.05.18"]
[Round "1.4"]
[White "Haddouche, Mohamed"]
[Black "Njobvu, Ignatius"]
[Result "1/2-1/2"]
[WhiteElo "2459"]
[BlackElo "2239"]
[PlyCount "72"]
[EventDate "2013.05.18"]
[EventRounds "9"]
[EventCountry "TUN"]

1. e4 e6 2. d3 d5 3. Qe2 Nf6 4. Nf3 Be7 5. g3 c5 6. Bg2 Nc6 7. O-O b6 8. e5 Nd7
9. c4 d4 10. h4 Bb7 11. Re1 h6 12. Nbd2 Qc7 13. Nf1 O-O-O 14. a3 Rdg8 15. N1h2
g5 16. hxg5 hxg5 17. Ng4 Rh5 18. b4 cxb4 19. Bb2 Rgh8 20. axb4 Bxb4 21. Ba3 a5
22. Bxb4 Nxb4 23. Nfh2 Bxg2 24. Kxg2 Qc6+ 25. f3 Nc5 26. Ra3 Qb7 27. Nf1 Kb8
28. Rb1 Kc8 29. Rc1 Kb8 30. Rb1 Kc8 31. Qf2 Ncxd3 32. Qxd4 Rd8 33. Qc3 Nc5 34.
Qc1 Ncd3 35. Qc3 Nc5 36. Qc1 Ncd3 1/2-1/2

[Event "African Championship 2013 Open"]
[Site "Hotel Sol Phebus - Tunis"]
[Date "2013.05.18"]
[Round "1.5"]
[White "Boudriga, Med Ali"]
[Black "Ezat, Mohamed"]
[Result "0-1"]
[WhiteElo "2234"]
[BlackElo "2454"]
[PlyCount "64"]
[EventDate "2013.05.18"]
[EventRounds "9"]
[EventCountry "TUN"]

1. e4 c6 2. d4 d5 3. e5 c5 4. dxc5 e6 5. Nf3 Nd7 6. Bd3 Ne7 7. Bg5 Qc7 8. Bxe7
Bxe7 9. Qe2 g5 10. h3 h5 11. Nbd2 Nxc5 12. O-O-O Bd7 13. Kb1 Qb6 14. Qe3 O-O-O
15. Nb3 Kb8 16. c3 Na4 17. Qxb6 Nxb6 18. g4 Rh6 19. Rdg1 Rdh8 20. Bf1 f6 21.
gxh5 Rxh5 22. exf6 Bxf6 23. Rg3 e5 24. Rhg1 Bxh3 25. Bxh3 Rxh3 26. Nxg5 Rxg3
27. Rxg3 Rh1+ 28. Nc1 e4 29. Ne6 a6 30. Rg6 Be5 31. Rg5 Nc4 32. Nd4 Rxc1+ 0-1

[Event "African Championship 2013 Open"]
[Site "Hotel Sol Phebus - Tunis"]
[Date "2013.05.18"]
[Round "1.6"]
[White "Arab, Adlane"]
[Black "Bouaziz, Mehdi"]
[Result "1-0"]
[WhiteElo "2445"]
[BlackElo "2228"]
[PlyCount "107"]
[EventDate "2013.05.18"]
[EventRounds "9"]
[EventCountry "TUN"]

1. d4 Nf6 2. c4 c5 3. d5 b5 4. cxb5 a6 5. bxa6 Bxa6 6. Nc3 d6 7. g3 g6 8. Bg2
Bg7 9. Nf3 O-O 10. O-O Nbd7 11. Rb1 Qa5 12. Bd2 Ne8 13. Qc2 Nc7 14. a4 Bb7 15.
Nb5 Qb6 16. Nxc7 Qxc7 17. e4 Qb8 18. b3 Rc8 19. Bh3 Rc7 20. Rfc1 Qa7 21. Bc3
Nf6 22. Nd2 Ba6 23. Bg2 Nd7 24. Bxg7 Kxg7 25. b4 Bc8 26. Ra1 Ne5 27. b5 c4 28.
a5 Rc5 29. Rcb1 Qd7 30. f4 Ng4 31. h3 Nf6 32. Nxc4 Rxb5 33. Rxb5 Qxb5 34. Nb6
Rxa5 35. Rb1 Qc5+ 36. Qxc5 Rxc5 37. Ra1 Rc7 38. Ra8 Bd7 39. e5 Nh5 40. Nxd7
Rxd7 41. Kf2 Rb7 42. Ra2 f6 43. exd6 exd6 44. Bf3 Rb5 45. Ra7+ Kh6 46. Rd7 Rb2+
47. Be2 Rd2 48. Ke3 Rxd5 49. g4 Ng7 50. Rf7 Ne8 51. h4 g5 52. Bd3 gxf4+ 53. Ke2
Rxd3 54. Kxd3 1-0

[Event "African Championship 2013 Open"]
[Site "Hotel Sol Phebus - Tunis"]
[Date "2013.05.18"]
[Round "1.7"]
[White "Asabri, Hussien"]
[Black "Belkhodja, Slim"]
[Result "0-1"]
[WhiteElo "2222"]
[BlackElo "2444"]
[PlyCount "64"]
[EventDate "2013.05.18"]
[EventRounds "9"]
[EventCountry "TUN"]

1. d4 d6 2. Nf3 Nf6 3. g3 g6 4. Bg2 Bg7 5. O-O O-O 6. c4 Nbd7 7. Nc3 e5 8. e4
a6 9. h3 b5 10. cxb5 axb5 11. b4 c6 12. dxe5 dxe5 13. Be3 Qe7 14. Qb3 Rb8 15.
Rfc1 Rd8 16. Rd1 Ne8 17. Rab1 Nb6 18. Bc5 Rxd1+ 19. Rxd1 Qc7 20. Qc2 Ra8 21.
Bf1 h6 22. Kh2 Be6 23. Nd2 Nd7 24. Be7 Bf8 25. Bxf8 Kxf8 26. Nb3 Bxb3 27. axb3
Ndf6 28. Qd2 Kg7 29. Qe3 Qe7 30. f4 Ra3 31. Rd3 Rxb3 32. Bg2 Rxb4 0-1

[Event "African Championship 2013 Open"]
[Site "Hotel Sol Phebus - Tunis"]
[Date "2013.05.18"]
[Round "1.8"]
[White "Abdel Razik, Khaled"]
[Black "Nafri, Khalil"]
[Result "1-0"]
[WhiteElo "2444"]
[BlackElo "2191"]
[PlyCount "61"]
[EventDate "2013.05.18"]
[EventRounds "9"]
[EventCountry "TUN"]

1. d4 Nf6 2. c4 g6 3. g3 Bg7 4. Bg2 O-O 5. Nc3 d6 6. Nf3 Nc6 7. O-O a6 8. h3
Rb8 9. a4 Bf5 10. g4 Bd7 11. a5 e5 12. d5 Nd4 13. Nh2 b5 14. e3 c5 15. dxc6
Nxc6 16. cxb5 axb5 17. Qxd6 Nxa5 18. Rxa5 Qxa5 19. g5 Rb6 20. Qd3 Be6 21. gxf6
Bc4 22. Qc2 Rxf6 23. Rd1 Rd8 24. Nd5 Rfd6 25. e4 Qa7 26. Re1 Bxd5 27. exd5 f5
28. Bg5 R8d7 29. Qc8+ Kf7 30. Nf3 h6 31. Bxh6 1-0

[Event "African Championship 2013 Open"]
[Site "Hotel Sol Phebus - Tunis"]
[Date "2013.05.18"]
[Round "1.9"]
[White "Solomons, Deon"]
[Black "Solomon, Kenny"]
[Result "0-1"]
[WhiteElo "2169"]
[BlackElo "2406"]
[PlyCount "112"]
[EventDate "2013.05.18"]
[EventRounds "9"]
[EventCountry "TUN"]

1. Nf3 Nf6 2. g3 d5 3. Bg2 c6 4. d3 Bg4 5. Nbd2 Nbd7 6. h3 Bh5 7. O-O e5 8. e4
dxe4 9. dxe4 Bc5 10. Qe1 O-O 11. Nb3 Bb6 12. a4 a6 13. a5 Ba7 14. Nh4 Bg6 15.
Bg5 Qe7 16. Qe2 Qe6 17. g4 h6 18. Bd2 Qe7 19. Kh1 Rfd8 20. Nf5 Bxf5 21. gxf5
Nh7 22. Qg4 Kh8 23. Bf3 Rg8 24. Rad1 Rad8 25. Qh5 Ndf6 26. Qh4 g5 27. fxg6 fxg6
28. Bc3 Kg7 29. Qg3 Ng5 30. Nd2 Bd4 31. Rg1 Kh7 32. Rge1 Rgf8 33. Bxd4 Rxd4 34.
Rg1 Qe6 35. Bg2 Nh5 36. Qb3 Qd7 37. Qe3 Rd8 38. h4 Rxd2 39. Rxd2 Qxd2 40. Qb3
Qd7 41. hxg5 hxg5 42. Bh3 Qe7 43. Bg4 Nf4 44. Rd1 Rxd1+ 45. Bxd1 Qd7 46. Bg4
Qc7 47. Qb6 Qb8 48. Qc5 Qc7 49. Qb6 Qe7 50. Bc8 Kh6 51. Qxb7 Qd8 52. Kh2 g4 53.
Kg3 Ne2+ 54. Kg2 Qd1 55. Bxg4 Qg1+ 56. Kf3 Nd4+ 0-1

[Event "African Championship 2013 Open"]
[Site "Hotel Sol Phebus - Tunis"]
[Date "2013.05.18"]
[Round "1.10"]
[White "Adnani, Moklis"]
[Black "Bouzidi, Ahmed"]
[Result "1-0"]
[WhiteElo "2365"]
[BlackElo "2161"]
[PlyCount "57"]
[EventDate "2013.05.18"]
[EventRounds "9"]
[EventCountry "TUN"]

1. e4 Nf6 2. e5 Nd5 3. d4 d6 4. Nf3 Bg4 5. Be2 e6 6. O-O Be7 7. c4 Nb6 8. exd6
cxd6 9. Nc3 O-O 10. b3 N8d7 11. h3 Bh5 12. Re1 Re8 13. a4 a6 14. Ra2 d5 15. c5
Rc8 16. Bf4 Bg6 17. a5 Na8 18. b4 Nc7 19. b5 axb5 20. Nxb5 Nxb5 21. Bxb5 Ra8
22. Qa4 Nf6 23. Bxe8 Nxe8 24. Ne5 Be4 25. f3 Bf5 26. c6 Qc8 27. Rc1 f6 28. Nd7
Ra6 29. Nb6 1-0

[Event "African Championship 2013 Open"]
[Site "Hotel Sol Phebus - Tunis"]
[Date "2013.05.18"]
[Round "1.11"]
[White "Taeib, Sahbi"]
[Black "Sarwat, Walaa"]
[Result "0-1"]
[WhiteElo "2134"]
[BlackElo "2335"]
[PlyCount "66"]
[EventDate "2013.05.18"]
[EventRounds "9"]
[EventCountry "TUN"]

1. e4 e5 2. Nf3 Nc6 3. Bc4 Bc5 4. d3 Nf6 5. Nc3 d6 6. Be3 Bb6 7. Qd2 Be6 8. Bb3
d5 9. exd5 Nxd5 10. Nxd5 Bxd5 11. Bxd5 Qxd5 12. O-O Rd8 13. Bxb6 axb6 14. Rfe1
O-O 15. Qc3 Rfe8 16. Re2 b5 17. a3 Re6 18. Rae1 Rg6 19. d4 f6 20. dxe5 Nxe5 21.
Re4 Nc6 22. Re8+ Rxe8 23. Rxe8+ Kf7 24. Re1 Rg4 25. Qe3 Kg6 26. h3 Rc4 27. b3
Rxc2 28. g4 h6 29. Nh4+ Kh7 30. Nf3 Rb2 31. Qe4+ Qxe4 32. Rxe4 Rxb3 33. Kg2
Rxa3 0-1

[Event "African Championship 2013 Open"]
[Site "Hotel Sol Phebus - Tunis"]
[Date "2013.05.18"]
[Round "1.12"]
[White "Hifad, Rachid"]
[Black "Al-Zayat, Ahmed"]
[Result "1-0"]
[WhiteElo "2304"]
[BlackElo "2070"]
[PlyCount "95"]
[EventDate "2013.05.18"]
[EventRounds "9"]
[EventCountry "TUN"]

1. Nf3 Nf6 2. g3 d6 3. Bg2 Bg4 4. h3 Bh5 5. d3 c6 6. Nbd2 Nbd7 7. O-O e5 8. e3
Be7 9. Qe1 O-O 10. Nh2 Nd5 11. e4 Nb4 12. g4 Nxc2 13. Qd1 Nxa1 14. gxh5 Qa5 15.
a3 Qb5 16. Nb1 Nc5 17. Qg4 Qxd3 18. Bh6 Ne6 19. Bxg7 Nxg7 20. h6 Bf6 21. Nc3
Qd2 22. hxg7 Bxg7 23. Nf3 Qxb2 24. Nd1 Qa2 25. Ne3 Kh8 26. Qh5 f6 27. Nh4 Rf7
28. Nef5 Nc2 29. Ng6+ Kg8 30. Nfe7+ Rxe7 31. Nxe7+ Kf8 32. Nf5 Nd4 33. Nxd6 b6
34. Qxh7 Qxa3 35. Nf5 Nxf5 36. exf5 Qa4 37. Rc1 Rc8 38. Bd5 Rc7 39. Be6 Ke8 40.
Qh5+ Kf8 41. Rd1 c5 42. Rd8+ Ke7 43. Rd5 Qe8 44. Qh4 c4 45. Rxe5 Qh8 46. Bxc4+
Kf8 47. Qd4 Rc8 48. Qd6# 1-0

[Event "African Championship 2013 Open"]
[Site "Hotel Sol Phebus - Tunis"]
[Date "2013.05.18"]
[Round "1.13"]
[White "Nassr, Ali"]
[Black "Zaibi, Amir"]
[Result "1/2-1/2"]
[WhiteElo "2070"]
[BlackElo "2285"]
[PlyCount "66"]
[EventDate "2013.05.18"]
[EventRounds "9"]
[EventCountry "TUN"]

1. e4 c5 2. c3 d5 3. exd5 Qxd5 4. d4 Nc6 5. Nf3 Bg4 6. Be2 e6 7. Be3 cxd4 8.
cxd4 Nf6 9. Nc3 Qd6 10. O-O Be7 11. Rc1 O-O 12. h3 Bh5 13. Qa4 Rfd8 14. Rfd1 a6
15. a3 b5 16. Qc2 Rac8 17. b4 Qb8 18. Qb3 Bg6 19. d5 exd5 20. Nxd5 Nxd5 21.
Rxd5 Be4 22. Rxd8+ Rxd8 23. Rd1 h6 24. Rxd8+ Qxd8 25. Qc3 Bf6 26. Qc5 Bb2 27.
Nd2 Bd5 28. Bf3 Bxf3 29. Nxf3 Qd7 30. Qb6 Bxa3 31. Qxa6 Bxb4 32. Qxb5 Qd1+ 33.
Qf1 Qd5 1/2-1/2

[Event "African Championship 2013 Open"]
[Site "Hotel Sol Phebus - Tunis"]
[Date "2013.05.19"]
[Round "2.1"]
[White "Amin, Bassem"]
[Black "Abdel Razik, Khaled"]
[Result "1-0"]
[WhiteElo "2635"]
[BlackElo "2444"]
[PlyCount "91"]
[EventDate "2013.05.18"]
[EventRounds "9"]
[EventCountry "TUN"]

1. e4 e6 2. d3 c5 3. g3 Nc6 4. Bg2 d5 5. Nd2 Nf6 6. Ngf3 Be7 7. O-O O-O 8. Re1
b5 9. e5 Nd7 10. Nf1 a5 11. h4 c4 12. d4 b4 13. N1h2 a4 14. Be3 Ba6 15. Ng5 Qe8
16. Qg4 Bd8 17. h5 Bb7 18. h6 g6 19. Bh3 Kh8 20. Ngf3 Ra6 21. Bg5 Ne7 22. Qf4
Ng8 23. Ng4 Bc7 24. Nf6 Ngxf6 25. Bxf6+ Kg8 26. Nh2 Bd8 27. Ng4 Be7 28. a3 bxa3
29. bxa3 Qd8 30. Rab1 Nxf6 31. Nxf6+ Bxf6 32. Qxf6 Qxf6 33. exf6 Ra7 34. Rb6
Rc8 35. Reb1 Rc7 36. c3 Kf8 37. Bg4 Ke8 38. R1b4 Kd8 39. Bd1 Bc6 40. Bc2 Rc8
41. Kg2 Kc7 42. Kf3 Rca8 43. Kf4 Ra6 44. Rxa6 Rxa6 45. Bxg6 fxg6 46. Rb8 1-0

[Event "African Championship 2013 Open"]
[Site "Hotel Sol Phebus - Tunis"]
[Date "2013.05.19"]
[Round "2.3"]
[White "El Gindy, Essam"]
[Black "Adnani, Moklis"]
[Result "1-0"]
[WhiteElo "2482"]
[BlackElo "2365"]
[PlyCount "119"]
[EventDate "2013.05.18"]
[EventRounds "9"]
[EventCountry "TUN"]

1. d4 d5 2. Nf3 Nf6 3. c4 c6 4. e3 Bg4 5. Nbd2 e6 6. Be2 Nbd7 7. O-O Bd6 8. h3
Bh5 9. b3 a5 10. a3 O-O 11. Bb2 Qb8 12. Re1 Re8 13. Rc1 e5 14. cxd5 Nxd5 15.
Ne4 Bc7 16. Ng3 Bg6 17. e4 Nf4 18. d5 cxd5 19. Bb5 Qd8 20. exd5 Bd6 21. Nd2 Nc5
22. Bxe8 Ncd3 23. Bb5 Nxb2 24. Qf3 Nbd3 25. Bxd3 Nxd3 26. Nc4 Bc5 27. Rf1 Nxc1
28. Rxc1 Rc8 29. a4 f6 30. Rd1 Bd4 31. Nf5 Bxf5 32. Qxf5 b6 33. Qe6+ Kf8 34.
Nd6 Rc7 35. Nb5 Re7 36. Qc6 Bc5 37. d6 Rd7 38. Kf1 g6 39. Qd5 Kg7 40. Qe6 h5
41. Rd5 Kh7 42. h4 Bb4 43. g3 Bc5 44. Kg1 Bb4 45. Rd3 Bc5 46. Rf3 Kg7 47. Nc7
f5 48. Ne8+ Kf8 49. Qxg6 Rf7 50. Qxh5 Kg8 51. Qg6+ Kf8 52. d7 Qxd7 53. Nf6 Qd1+
54. Kg2 f4 55. Nh7+ Ke7 56. Ng5 Rf8 57. Qh7+ Ke8 58. Rd3 Qg4 59. Qc7 f3+ 60.
Nxf3 1-0

[Event "African Championship 2013 Open"]
[Site "Hotel Sol Phebus - Tunis"]
[Date "2013.05.19"]
[Round "2.4"]
[White "Ezat, Mohamed"]
[Black "Hifad, Rachid"]
[Result "1/2-1/2"]
[WhiteElo "2454"]
[BlackElo "2304"]
[PlyCount "34"]
[EventDate "2013.05.18"]
[EventRounds "9"]
[EventCountry "TUN"]

1. d4 Nf6 2. Nf3 g6 3. Nbd2 d5 4. e3 Bg7 5. b4 O-O 6. c4 c6 7. Bb2 Bf5 8. Be2
Nbd7 9. O-O Ne4 10. a4 Re8 11. Qb3 Nxd2 12. Nxd2 e5 13. dxe5 Nxe5 14. cxd5 Qxd5
15. Qxd5 cxd5 16. Bd4 Rec8 17. Rac1 Bc2 1/2-1/2

[Event "African Championship 2013 Open"]
[Site "Hotel Sol Phebus - Tunis"]
[Date "2013.05.19"]
[Round "2.5"]
[White "Solomon, Kenny"]
[Black "Arab, Adlane"]
[Result "1/2-1/2"]
[WhiteElo "2406"]
[BlackElo "2445"]
[PlyCount "31"]
[EventDate "2013.05.18"]
[EventRounds "9"]
[EventCountry "TUN"]

1. Nf3 Nf6 2. c4 e6 3. d4 b6 4. g3 Ba6 5. b3 b5 6. cxb5 Bxb5 7. Bg2 c5 8. O-O
Bc6 9. Ba3 Na6 10. Nbd2 Be7 11. Rc1 cxd4 12. Bxe7 Qxe7 13. Nxd4 Bxg2 14. Kxg2
O-O 15. Qc2 Qb4 16. Qc3 1/2-1/2

[Event "African Championship 2013 Open"]
[Site "Hotel Sol Phebus - Tunis"]
[Date "2013.05.19"]
[Round "2.7"]
[White "Njobvu, Ignatius"]
[Black "Nassr, Ali"]
[Result "1/2-1/2"]
[WhiteElo "2239"]
[BlackElo "2070"]
[PlyCount "92"]
[EventDate "2013.05.18"]
[EventRounds "9"]
[EventCountry "TUN"]

1. d4 Nf6 2. c4 e6 3. Nf3 b6 4. e3 Bb7 5. Bd3 c5 6. dxc5 Bxc5 7. a3 d5 8. cxd5
Qxd5 9. Nc3 Qh5 10. b4 Be7 11. e4 O-O 12. Qe2 Nbd7 13. O-O a5 14. b5 Nc5 15.
Bc2 Nfd7 16. Nd2 Qxe2 17. Nxe2 Rac8 18. Bb2 Bf6 19. Bxf6 Nxf6 20. f3 Ncd7 21.
Rfc1 Ne5 22. Bb3 Rfd8 23. Rxc8 Rxc8 24. Rc1 Rxc1+ 25. Nxc1 g5 26. Kf2 Kf8 27.
Ke3 Ke7 28. Kd4 Nfd7 29. Ne2 Kd6 30. Nc3 h6 31. Bc2 Nc5 32. g3 f6 33. h3 Bc8
34. f4 Ned7 35. Nc4+ Kc7 36. e5 gxf4 37. gxf4 f5 38. Nd6 Nf8 39. Ke3 h5 40. Bd1
h4 41. Bf3 Bb7 42. Ne2 Bxf3 43. Kxf3 Nb7 44. Nc4 Nc5 45. Nd6 Nb7 46. Nc4 Nc5
1/2-1/2

[Event "African Championship 2013 Open"]
[Site "Hotel Sol Phebus - Tunis"]
[Date "2013.05.19"]
[Round "2.8"]
[White "Zaibi, Amir"]
[Black "Van Den Heever, Donovan"]
[Result "1/2-1/2"]
[WhiteElo "2285"]
[BlackElo "2280"]
[PlyCount "126"]
[EventDate "2013.05.18"]
[EventRounds "9"]
[EventCountry "TUN"]

1. e4 c5 2. Nf3 d6 3. d4 cxd4 4. Nxd4 Nf6 5. Nc3 Nc6 6. Bc4 e6 7. Be3 a6 8. Bb3
Qc7 9. Qe2 Na5 10. g4 h6 11. O-O-O b5 12. Kb1 Nxb3 13. cxb3 b4 14. Na4 Nxe4 15.
Rc1 Nc5 16. Nf5 Bb7 17. Rhe1 Be4+ 18. Ka1 exf5 19. Bxc5 dxc5 20. gxf5 O-O-O 21.
Qxe4 Kb8 22. Qg4 h5 23. Qg5 f6 24. Qe3 Bd6 25. Nxc5 Qa7 26. h4 Rc8 27. Ne6 Qxe3
28. fxe3 Bg3 29. Rxc8+ Rxc8 30. Rh1 Bxh4 31. Nxg7 Bf2 32. Nxh5 Rh8 33. e4 Bd4
34. Kb1 Be5 35. a3 bxa3 36. bxa3 Rg8 37. Kc2 Kb7 38. Kd3 Rd8+ 39. Ke3 Re8 40.
Rd1 Rh8 41. Nf4 Rh4 42. Rf1 Rh2 43. Nd3 Rh3+ 44. Kd2 Bd4 45. Re1 a5 46. Re2 Kc6
47. Kc2 Rg3 48. Ne1 Be5 49. Kd1 Rg1 50. Kc2 Rg3 51. Nd3 Bd4 52. a4 Kb6 53. Re1
Rg2+ 54. Kd1 Rg3 55. Ke2 Re3+ 56. Kd2 Rg3 57. Re2 Rh3 58. Rg2 Rh4 59. e5 fxe5
60. f6 Rh8 61. Nf2 Kc5 62. Ne4+ Kd5 63. Kd3 Rf8 1/2-1/2

[Event "African Championship 2013 Open"]
[Site "Hotel Sol Phebus - Tunis"]
[Date "2013.05.19"]
[Round "2.9"]
[White "Elarbi, Abobker"]
[Black "Oliveira, Luciano"]
[Result "1/2-1/2"]
[WhiteElo "2272"]
[BlackElo "2189"]
[PlyCount "117"]
[EventDate "2013.05.18"]
[EventRounds "9"]
[EventCountry "TUN"]

1. d4 d5 2. Nf3 Nf6 3. c4 c6 4. Nc3 g6 5. cxd5 cxd5 6. e3 Bg7 7. Bd3 O-O 8. O-O
Nc6 9. a3 a6 10. b4 Bg4 11. Be2 b5 12. Bb2 Rc8 13. Qb3 Qd6 14. h3 Bf5 15. Rac1
Rfd8 16. Rfd1 Be6 17. Na2 Ne4 18. a4 Qb8 19. axb5 axb5 20. Nc3 Na7 21. Ne1 Nxc3
22. Bxc3 Bf5 23. Ra1 Nc6 24. Bd3 Be6 25. Rdc1 Qb7 26. Nc2 Rc7 27. Na3 Na7 28.
Bd2 Rdc8 29. Qd1 Rxc1 30. Rxc1 Rxc1 31. Qxc1 Bd7 32. Nc2 e6 33. Na1 Nc8 34. Nb3
Be8 35. Na5 Qb8 36. Qc5 Bf8 37. Qc3 Nd6 38. Nb3 Nc4 39. Nc5 Qa8 40. Bb1 Bg7 41.
Nd3 Qa3 42. Qxa3 Nxa3 43. Ba2 Bf8 44. Kf1 Bd6 45. Ke2 Kf8 46. Bc3 Ke7 47. Bb3
Bc6 48. f3 f6 49. Bb2 Nc4 50. Bc1 f5 51. Bd2 Kf6 52. Bc3 g5 53. g4 Be8 54. Be1
h5 55. Nf2 Bg6 56. Nd1 fxg4 57. fxg4 Kg7 58. Bxc4 dxc4 59. Bc3 1/2-1/2

[Event "African Championship 2013 Open"]
[Site "Hotel Sol Phebus - Tunis"]
[Date "2013.05.19"]
[Round "2.10"]
[White "Nafri, Khalil"]
[Black "Amdouni, Zoubaier"]
[Result "0-1"]
[WhiteElo "2191"]
[BlackElo "2249"]
[PlyCount "60"]
[EventDate "2013.05.18"]
[EventRounds "9"]
[EventCountry "TUN"]

1. e4 c5 2. Nf3 Nc6 3. d4 cxd4 4. Nxd4 e5 5. Nb5 d6 6. N1c3 a6 7. Na3 b5 8. Nd5
Nge7 9. c4 Nxd5 10. exd5 Nd4 11. cxb5 g6 12. Be3 Nf5 13. Qd2 Nxe3 14. Qxe3 h5
15. bxa6 Bxa6 16. Bxa6 Qa5+ 17. Ke2 Qxa6+ 18. Qd3 Qxd3+ 19. Kxd3 Bg7 20. Nc4
Ke7 21. a4 Rhb8 22. Ra3 e4+ 23. Kc2 Bd4 24. Re1 f5 25. f3 Rc8 26. b3 e3 27. f4
Rab8 28. a5 Rb5 29. a6 Ba7 30. Kb2 Rxc4 0-1

[Event "African Championship 2013 Open"]
[Site "Hotel Sol Phebus - Tunis"]
[Date "2013.05.19"]
[Round "2.11"]
[White "Bouzidi, Ahmed"]
[Black "Boudriga, Med Ali"]
[Result "1-0"]
[WhiteElo "2161"]
[BlackElo "2234"]
[PlyCount "55"]
[EventDate "2013.05.18"]
[EventRounds "9"]
[EventCountry "TUN"]

1. e4 g6 2. d4 Bg7 3. Nc3 c6 4. Bc4 d6 5. a4 Nf6 6. Nf3 O-O 7. O-O d5 8. Bd3
Bg4 9. e5 Ne8 10. h3 Bxf3 11. Qxf3 f6 12. Qe2 fxe5 13. dxe5 c5 14. Nxd5 Nc6 15.
Bc4 Kh8 16. Bg5 Rf5 17. f4 Rxg5 18. fxg5 Nxe5 19. Ba2 Nd6 20. Rad1 c4 21. b3
Nf5 22. Qf2 Nc6 23. c3 cxb3 24. Bxb3 Qa5 25. g4 Nd6 26. Nf4 Qxg5 27. Rd5 Be5
28. Qe1 1-0

[Event "African Championship 2013 Open"]
[Site "Hotel Sol Phebus - Tunis"]
[Date "2013.05.19"]
[Round "2.12"]
[White "Bouaziz, Mehdi"]
[Black "Solomons, Deon"]
[Result "1-0"]
[WhiteElo "2228"]
[BlackElo "2169"]
[PlyCount "83"]
[EventDate "2013.05.18"]
[EventRounds "9"]
[EventCountry "TUN"]

1. d4 Nf6 2. Nf3 g6 3. Bf4 Bg7 4. h3 d6 5. e3 O-O 6. Be2 Nbd7 7. O-O b6 8. c3
Bb7 9. a4 a6 10. Qb3 Qe8 11. Bh2 e5 12. Re1 Qe7 13. a5 e4 14. Nfd2 h5 15. axb6
Nxb6 16. Ra5 Bc8 17. Qa3 Nh7 18. Bxa6 Bf5 19. Bf1 Rxa5 20. Qxa5 Ra8 21. Qc5 Bd7
22. Qb4 Ra1 23. c4 Ng5 24. Rc1 Bf8 25. c5 Nd5 26. Qb7 Nf6 27. Qxc7 dxc5 28.
Qxc5 Ne6 29. Qxe7 Bxe7 30. Be5 Nd5 31. Nxe4 f5 32. Nc5 Nxc5 33. dxc5 Nb4 34. b3
Ra5 35. Bd4 Kf8 36. Nd2 Ra3 37. Nc4 Rxb3 38. Ne5 Bc6 39. Nxg6+ Ke8 40. Ne5 Kd8
41. Bc4 Ra3 42. Rb1 1-0

[Event "African Championship 2013 Open"]
[Site "Hotel Sol Phebus - Tunis"]
[Date "2013.05.19"]
[Round "2.13"]
[White "Al-Zayat, Ahmed"]
[Black "Asabri, Hussien"]
[Result "1/2-1/2"]
[WhiteElo "2070"]
[BlackElo "2222"]
[PlyCount "20"]
[EventDate "2013.05.18"]
[EventRounds "9"]
[EventCountry "TUN"]

1. d4 Nf6 2. g3 c5 3. d5 g6 4. Bg2 Bg7 5. c4 O-O 6. Nf3 b5 7. cxb5 a6 8. bxa6
d6 9. O-O Bxa6 10. Nc3 Nbd7 1/2-1/2

[Event "African Championship 2013 Open"]
[Site "Hotel Sol Phebus - Tunis"]
[Date "2013.05.20"]
[Round "3.1"]
[White "El Gindy, Essam"]
[Black "Amin, Bassem"]
[Result "1/2-1/2"]
[WhiteElo "2482"]
[BlackElo "2635"]
[PlyCount "33"]
[EventDate "2013.05.18"]
[EventRounds "9"]
[EventCountry "TUN"]

1. d4 Nf6 2. c4 e6 3. Nf3 Bb4+ 4. Nbd2 c5 5. a3 Bxd2+ 6. Bxd2 d6 7. dxc5 dxc5
8. Bc3 Qxd1+ 9. Rxd1 Nbd7 10. g3 b6 11. Bg2 Bb7 12. O-O Ke7 13. Rd3 Be4 14. Rd2
Bc6 15. Rd3 Be4 16. Rd2 Bc6 17. Rd3 1/2-1/2

[Event "African Championship 2013 Open"]
[Site "Hotel Sol Phebus - Tunis"]
[Date "2013.05.20"]
[Round "3.2"]
[White "Adly, Ahmed"]
[Black "Sarwat, Walaa"]
[Result "1-0"]
[WhiteElo "2594"]
[BlackElo "2335"]
[PlyCount "97"]
[EventDate "2013.05.18"]
[EventRounds "9"]
[EventCountry "TUN"]

1. Nf3 Nf6 2. g3 g6 3. Bg2 Bg7 4. O-O O-O 5. d4 d5 6. c4 c6 7. cxd5 cxd5 8. Nc3
Nc6 9. Ne5 Be6 10. Nxc6 bxc6 11. Na4 Nd7 12. Bf4 Qa5 13. Rc1 Rac8 14. b3 Bf5
15. Re1 e5 16. dxe5 Nxe5 17. Bxe5 Bxe5 18. e4 dxe4 19. Bxe4 Rfd8 20. Qf3 Bxe4
21. Rxe4 Rd5 22. Qe3 Qc7 23. Nc3 Bxc3 24. Rxc3 Qd7 25. Re7 Qh3 26. Qf3 Rf5 27.
Qe4 Rd5 28. Rd3 Rxd3 29. Qxd3 a5 30. Qf3 Rf8 31. Qxc6 Qf5 32. Kg2 h5 33. h4 Rc8
34. Re8+ Rxe8 35. Qxe8+ Kg7 36. Qc6 f6 37. Qb7+ Kg8 38. a3 Qe5 39. b4 axb4 40.
axb4 g5 41. hxg5 fxg5 42. b5 h4 43. b6 Qb5 44. Qc8+ Kf7 45. b7 Qd5+ 46. f3 h3+
47. Kh2 Qxf3 48. Qc4+ Kg7 49. Qd4+ 1-0